000 00892cam a22002773a 4500
001 1756
003 PGUSA
005 20140828083006.0
008 990501s1999||||xxu|||||s|||||000 | eng d
040 _aPGUSA
_beng
042 _adc
050 4 _aPG
100 1 _aChekhov, Anton Pavlovich,
_d1860-1904
245 1 0 _aUncle Vanya :
_bScenes from Country Life in Four Acts
_h[electronic resource] /
_cAnton Pavlovich Chekhov
260 _bProject Gutenberg,
_c1999
500 _aTranslation of Diadia Vania
506 _aPublic domain in the USA.
516 _aElectronic text
653 _aFamilies -- Russia -- Drama
653 _aCountry life -- Russia -- Drama
653 _aRussia -- Social life and customs -- Drama
653 _aRussian drama -- Translations into English
830 0 _aProject Gutenberg
_v1756
856 4 0 _uhttp://www.gutenberg.org/ebooks/1756
942 _cEB
999 _c231102
_d231102